000
00325nam a2200133 a 4500
005
20140513081052.0
008
030203s19uu xx 00 eng d
050
_a
P 531
_b
SIM 1999
245
_a
Simple machines.
260
_b
Cebu Green Emerald,
_c
1999.
300
_a
Poster
650
_a
Machines--Posters
999
_c
116368
_d
116368